| 000 | 01208nam a2200277Ia 4500 | ||
|---|---|---|---|
| 999 |
_c54449 _d54449 |
||
| 001 | 21511 | ||
| 003 | GE_BSU | ||
| 005 | 20191115122202.0 | ||
| 008 | 181216s2017||||ge |||||||||||||| ||geo|| | ||
| 020 | _a9789992847718 | ||
| 041 | _ageo | ||
| 080 | _a338+339.186კ-49 | ||
| 100 |
_aკიკვაძე, ოთარ. _95357 |
||
| 245 |
_aშესყიდვების ადმინისტრირება / _cოთარ კიკვაძე ; ირმა მახარაშვილი ; მიხეილ ძაგანია ; რედ. დავით ნარმანია. |
||
| 260 | _aთბილისი | ||
| 264 |
_aთბილისი : _bნაკადული, _c2017. |
||
| 300 |
_a339გვ. ; _c 20 სმ. |
||
| 504 | _aბიბლ. გვ. 328-334 | ||
| 541 | _h8 ლ. | ||
| 653 | _aეკონომიკა | ||
| 653 | _aშესყიდვების ადმინისტრირება | ||
| 700 |
_aმახარაშვილი, ირმა _95358 |
||
| 700 |
_aძაგანია, მიხეილ _95359 |
||
| 700 |
_aნარმანია, დავით. _eრედაქტორი _92168 |
||
| 942 |
_cBK _2udc |
||